000 00298nam a2200109Ia 4500
001 1272264
005 20260417151425.0
008 260417s9999 xx 000 0 und d
020 _a9786256495111
245 0 _aŞahin Bey ve Gönlübollar’ın Zaferi
_cBüşra Şen Altun
260 _bKetebe Çocuk
999 _c1272264
_d1272264